|
|
|
|
| LEADER |
01036nam a2200229 a 4500 |
| 008 |
100210s1974 nyua 001 0 eng d |
| 020 |
|
|
|a 0070990093
|
| 040 |
|
|
|a DLC
|c DLC
|d DLC
|d BD-DhAAL
|
| 082 |
0 |
0 |
|a 516.83
|2 18
|
| 100 |
1 |
|
|a Spiegel, Murray R.
|
| 245 |
0 |
0 |
|a Schaum's outline of theory and problems of vector analysis and an introduction to tensor analysis /
|c Murray R. Spiegel.
|
| 250 |
|
|
|a SI (Metric) ed.
|
| 260 |
|
|
|a New York :
|b McGwraw Hill, Inc.,
|c 1974.
|
| 300 |
|
|
|a vi, 225 p. :
|b ill. ;
|c 27 cm.
|
| 490 |
0 |
|
|a Schaum's outline series
|
| 504 |
|
|
|a Includes index.
|
| 541 |
1 |
|
|e 00011790
|
| 650 |
|
0 |
|a Vector analysis.
|
| 852 |
4 |
|
|a Ayesha Abed Library
|j General Shelf
|
| 999 |
|
|
|c 7455
|d 7455
|
| 952 |
|
|
|0 0
|1 0
|2 ddc
|4 0
|6 516_830000000000000_SPI_1974
|7 0
|9 8000
|a BRACUL
|b BRACUL
|c GEN
|d 2010-02-10
|l 17
|m 63
|o 516.83 SPI
|p 3010011790
|r 2018-10-25
|s 2018-10-22
|t 1
|w 2010-02-10
|y BK
|
| 952 |
|
|
|0 0
|1 0
|2 ddc
|4 0
|6 516_830000000000000_SPI_1974
|7 0
|9 8763
|a BRACUL
|b BRACUL
|c GEN
|d 2010-03-23
|l 12
|m 65
|o 516.83 SPI
|p 3010011771
|r 2025-10-14
|s 2025-02-16
|t 2
|w 2010-03-23
|y BK
|